University Home | Library Home | Institutional Repository

Soviet economic growth: conditions and perspectives. (Record no. 70035)

MARC details
000 -LEADER
fixed length control field 01067cam7a220022900 4500
001 - CONTROL NUMBER
control field qce00438036
005 - DATE AND TIME OF LATEST TRANSACTION
control field 20190815111033.0
008 - FIXED-LENGTH DATA ELEMENTS--GENERAL INFORMATION
fixed length control field 750911s1953 ilu eng
035 ## - SYSTEM CONTROL NUMBER
System control number (Sirsi) r34940
035 ## - SYSTEM CONTROL NUMBER
System control number (QCAT)lss00989524
035 ## - SYSTEM CONTROL NUMBER
System control number (UPRA)qce00438036
040 ## - CATALOGING SOURCE
Modifying agency UPRA
100 1# - MAIN ENTRY--PERSONAL NAME
Personal name Bergson, Abram, 1914-ed.
Dates associated with a name Bergson, Abram, 1914-ed.
Linkage A97994.1
245 10 - TITLE STATEMENT
Title Soviet economic growth: conditions and perspectives.
260 ## - PUBLICATION, DISTRIBUTION, ETC.
Place of publication, distribution, etc. Evanston, IL :
Name of publisher, distributor, etc. Row, Peterson,
Date of publication, distribution, etc. [c1953]
500 ## - GENERAL NOTE
General note "Sets forth in ... revised form the proceedings of a conference held at Arden House, Harriman, N.Y., May 23-25, 1952 ... organized under the sponsorship of the Joint Committee on Slavic Studies of the American Council of Learned Societies and the Social Science Research Council."
504 ## - BIBLIOGRAPHY, ETC. NOTE
Bibliography, etc. note Bibliographical footnotes.
651 #0 - SUBJECT ADDED ENTRY--GEOGRAPHIC NAME
Geographic name Soviet Union -- Economic conditions.
General subdivision Soviet Union -- Economic conditions.
Linkage S2749.1
710 1# - ADDED ENTRY--CORPORATE NAME
Corporate name or jurisdiction name as entry element Joint Committee on Slavic Studies.
Linkage A61166.2
949 ## - LOCAL PROCESSING INFORMATION (OCLC)
a HC335
w lcc
i 33729005784207
m MAIN
t BOOK
l ON-SHELF

No items available.

© 2026 - The University of Zambia Library - Koha v25.11